000 00651nam a2200217 i 4500
001 106838
003 ES-MaACL
005 20251015063113.0
007 t|
008 070103s1953 fr ||||1| fre d
080 _a821.133.1-14"18"
100 1 _aRichepin, Jean,
_d1849-1926
_996950
245 1 3 _aLa chanson des gueux /
_cJean Richepin.
260 _aParis :
_bEugène Fasquelle,
_c1953.
300 _a313 p. ;
_c19 cm.
490 1 _aBibliothèque Charpentier
500 _aBiblioteca Jacinto Martínez Lacalle.
830 0 0 _aBibliothèque Charpentier
_9182245
852 _aES-MaACL
_jE-11467
_bR.139519
999 _c106838
_d106838